000 00584nam a2200205Ia 4500
005 20250326144546.0
008 250326s9999 xx 000 0 und d
020 _a0-8058-4035-4
037 _aTextbook
040 _aFMSL
_beng
_cFMSL
041 _aeng
_2eng
084 _aS:7 P3
_qFMSL
100 _aBornstein M H
_9749886
245 0 _aWell-being : positive development across the life course
_cBornstein M H And Others
260 _aNew Jersey
_bNew Jersey, LEA
_c2003
300 _a601p
365 _b8109.25
942 _cTB
_hS:7 P3
999 _c1304163
_d1304163